[Event "Buenos Aires Najdorf"]
[Site "Buenos Aires"]
[Date "1996.??.??"]
[Round "1"]
[White "Almasi, Zoltan"]
[Black "Ricardi, Pablo"]
[Result "1-0"]
[WhiteElo "2650"]
[BlackElo "2555"]
[Annotator "Baburin,A"]
[PlyCount "85"]
[EventDate "1996.04.??"]
[EventType "tourn"]
[EventRounds "9"]
[EventCountry "ARG"]
[EventCategory "13"]
[SourceTitle "CBM 053"]
[Source "ChessBase"]
[SourceDate "1996.08.01"]
[SourceVersion "1"]
[SourceVersionDate "1996.08.01"]
[SourceQuality "1"]

{When deciding to make this interesting chess transaction, that of rook for
minor pieces, the soundness of the whole combination may depend on the
assessment of the arising position. The rough evaluation is easy to make -
just look at how many pawns you get with a rook! I suppose that in this game
White didn't have too many problems, assessing the combination...} 1. e4 {
Petursson} c5 2. Nf3 d6 3. d4 cxd4 4. Nxd4 Nf6 5. Nc3 a6 6. f4 e6 7. Qf3 Qb6 8.
Nb3 Nc6 9. g4 Be7 10. Be3 Qc7 11. g5 Nd7 12. O-O-O b5 13. Bd3 Nb4 14. Kb1 Bb7
15. Qh3 Nxd3 16. cxd3 O-O 17. Rhg1 Rac8 18. Rc1 Nc5 19. Bd4 Qd7 20. Bf6 $1 {
Threatening 21 Qh6!!} Rfe8 21. Rg3 b4 (21... Nxb3 {Petursson} 22. axb3 Bf8 23.
Rcg1 b4 24. Qh6 $3 bxc3 25. Rh3 {Black wil be mated}) 22. Bxg7 bxc3 (22... Nxb3
{Petursson} 23. axb3 bxc3 24. Bd4 $1) 23. Nxc5 Rxc5 24. Bd4 Bf8 (24... Rb5 {
Petursson} 25. Qxh7+ Kxh7 26. Rh3+ Kg6 27. Rh6#) 25. g6 h5 26. gxf7+ Kxf7 27.
Bxc5 dxc5 28. Qxh5+ Ke7 29. Qxc5+ Qd6 30. Qxc3 Rc8 31. Qd2 Rxc1+ 32. Qxc1 {
Here White can stop calculating and assess the position. In normal
circumstances a rook and four pawns always win vs two minor pieces.} Bh6 33. e5
Qc6 34. Qxc6 Bxc6 35. f5 Bf4 36. Rg7+ Kf8 37. Rg6 Bd5 38. fxe6 Ke7 39. h4 Bxe5
40. h5 Bxe6 41. Kc2 Bf6 42. h6 Bf5 43. Rg1 1-0

[Event "BL2-Nord 0001"]
[Site "Germany"]
[Date "2001.04.01"]
[Round "8.1"]
[White "Bangiev, Alexander J"]
[Black "Zezulkin, Jurij"]
[Result "1/2-1/2"]
[WhiteElo "2430"]
[BlackElo "2529"]
[Annotator "Bangiev,A"]
[PlyCount "44"]
[EventDate "2000.10.15"]
[EventType "team-tourn"]
[EventRounds "9"]
[EventCountry "GER"]
[SourceTitle "CBM 082 Extra"]
[Source "ChessBase"]
[SourceDate "2001.07.03"]
[SourceVersion "1"]
[SourceVersionDate "2001.07.03"]
[SourceQuality "1"]
[WhiteTeam "Isernhagen"]
[BlackTeam "Zehlendorf"]
[WhiteTeamCountry "GER"]
[BlackTeamCountry "GER"]

1. e4 c5 2. Nf3 Nc6 3. d4 cxd4 4. Nxd4 Nf6 5. Nc3 e5 6. Nf5 d5 7. exd5 Bxf5 8.
dxc6 bxc6 9. Qf3 Qd7 10. Bg5 e4 11. Qe2 Qe6 (11... Be7 {Die scharfe Stellung
entsteht nach den folgenden Zügen:} 12. Bxf6 Bxf6 13. Nxe4 O-O 14. Nxf6+ gxf6
15. Qd2 Rfe8+ 16. Kd1 $13) 12. Qa6 {[%mdl 8]} (12. Bxf6 Qxf6 13. Nxe4 Qxb2 14.
Rd1 (14. Nf6+ Kd8 $19) 14... Be7 $15) (12. Qc4 $6 Be7) (12. O-O-O $5) 12... Bb4
(12... Nd7 $5 13. Bc4 (13. Be3 Bb4) 13... Qg6 14. Be3 Bb4 (14... Qxg2 15. O-O-O
$36) 15. O-O-O (15. O-O $2 Bxc3 16. bxc3 Bh3) 15... Bxc3 16. bxc3 O-O $132) 13.
Bc4 Nd5 14. O-O (14. Bxd5 Bxc3+ 15. bxc3 cxd5 $11) 14... Bxc3 (14... O-O 15.
Ne2 $5 Qg6 16. Bxd5 cxd5 (16... Qxg5 17. Bxc6 $16) 17. Qxg6 fxg6 (17... hxg6
18. c3 $14) 18. c3 $14) 15. bxc3 O-O 16. Be3 (16. Rab1 Qg6 17. Bxd5 cxd5 18.
Qxg6 Bxg6 19. Be3 (19. Rb7 Rfc8) 19... Rfc8 20. Bd4 Rab8 21. Rb3 $11) 16... Bg4
(16... Qg6 17. Bxd5 cxd5 18. Qxg6 Bxg6 19. Rab1 (19. Rfd1 Rfc8) 19... Rfc8 20.
Bd4 Rab8 $11) 17. h3 (17. Rab1 $5 Qg6 18. Bxd5 Bf3 19. Bxf7+ Rxf7 20. g3 Qg4
21. Rfe1 Rd8 $132) 17... Bxh3 $1 (17... Bh5 18. Rab1 $14) 18. gxh3 Qxh3 19.
Bxd5 Qg4+ (19... cxd5 20. Qd6 Rac8 21. Bd4 Rc6 22. Qxc6 Qg4+ 23. Kh2 Qh4+ $11)
(19... Rae8 {/\Re5-h5} 20. Rfd1 $16) 20. Kh2 Qh4+ 21. Kg2 Qg4+ 22. Kh2 Qh4+
1/2-1/2

[Event "Steinitz Memorial-A 1st"]
[Site "Prague"]
[Date "2001.01.03"]
[Round "9"]
[White "Lanka, Zigurds"]
[Black "Vokac, Marek"]
[Result "1-0"]
[WhiteElo "2504"]
[BlackElo "2523"]
[Annotator "Bangiev,A"]
[PlyCount "69"]
[EventDate "2000.12.26"]
[EventType "tourn"]
[EventRounds "9"]
[EventCountry "CZE"]
[EventCategory "8"]
[SourceTitle "CBM 081"]
[Source "ChessBase"]
[SourceDate "2001.03.20"]
[SourceVersion "1"]
[SourceVersionDate "2001.03.20"]
[SourceQuality "1"]

1. e4 c5 2. Nf3 Nc6 3. d4 cxd4 4. Nxd4 Qb6 5. Nb3 Nf6 6. Nc3 e6 7. Bd3 Be7 8.
Qe2 (8. f4 d6 9. Qf3 O-O 10. Be3 Qc7 11. O-O-O a6 12. g4 Nd7 13. g5 Re8 14. h4
b5 15. Kb1 Nb4 16. h5 Bf8 17. g6 fxg6 (17... Nxd3 18. cxd3) 18. hxg6 h6 19. Nd4
Nxd3 20. cxd3 Nf6 {[#]} (20... b4 21. Nce2) 21. e5 $1 dxe5 22. fxe5 (22. Qxa8
$6 exd4 23. Bxd4 Bb7) 22... Qxe5 23. Ne4 $1 (23. Qxa8 Qxe3 $132) 23... Bd7 24.
Bg5 $5 (24. Rxh6 $1 Be7 25. Rh7 $18) (24. Bxh6 $5) 24... Be7 (24... Qxd4 25.
Rxh6 $1) 25. Rxh6 $1 gxh6 26. Bxf6 Qc7 27. Be5 Rf8 28. Qh5 {1-0 Kovacevic,A-
Martinovic,S/Belgrade 2000/(28)}) 8... d6 9. Be3 Qc7 10. f4 O-O 11. g4 Nd7 (
11... Nb4 12. g5 Nd7 13. h4) 12. g5 Re8 (12... Nb4 $5 13. Nd4) 13. O-O-O a6 (
13... Nb4 14. Kb1 a6 15. h4 b5 16. h5 Nc5 17. g6) 14. Rdg1 $1 {Ein neuer
Angriffsplan in derartigen Stellungen.} (14. h4 b5 15. h5 b4 $132) 14... b5 {
[#]} (14... Nb4 $1) 15. e5 $1 {[%mdl 128]} Bb7 (15... dxe5 16. Bxh7+ Kf8 (16...
Kxh7 17. Qh5+ Kg8 18. g6 $18) 17. f5 exf5 18. Bxf5 Kg8 (18... Nc5 19. Qh5) 19.
g6 $40) (15... Nf8 16. Ne4 $1 dxe5 (16... d5 $2 17. Nf6+) 17. Nf6+ Bxf6 (17...
gxf6 18. gxf6+ Ng6 19. fxe7 exf4 20. h4 fxe3 21. h5 Ncxe7 22. hxg6 Nxg6 23. Qh5
$18) 18. gxf6 Ng6 (18... g6 19. Qh5 $18) 19. h4 $1 exf4 20. h5 $40) 16. Bxh7+
$1 {[%mdl 512]} Kf8 (16... Kxh7 17. Qh5+ Kg8 18. g6 $1 {Der Schlüsselzug. Der
Bauer auf g7 wird damit stark angegriffen.} fxg6 19. Rxg6 Bf8 20. exd6 (20.
Rhg1 Ncxe5 21. fxe5 Nxe5) 20... Qxd6 21. Rhg1 {/\Rh6;} Nce5 22. fxe5 (22. Rh6
Nf7) 22... Nxe5 23. Rxg7+ Bxg7 24. Rxg7+ Kxg7 25. Bh6+ $18) 17. Be4 $1 {/\Qh5}
(17. g6 f5) 17... dxe5 18. Qh5 Bb4 19. f5 $1 Nd4 (19... Na5 20. f6 $18) (19...
exf5 20. Nd5) (19... Bxc3 20. f6 $18) 20. f6 $18 gxf6 21. gxf6 Nxf6 22. Qh6+ (
22. Bh6+ $1 Ke7 23. Qxf7+ Kd6 (23... Kxf7 24. Rg7+ Kf8 25. Rxc7+ $18) 24. Qxf6
Bxc3 25. Rg7 (25. Bxb7 Bxb2+ 26. Kxb2 Qxc2+ $11) 25... Nxb3+ 26. axb3 Bxe4 27.
Rd1+ Bd5 28. Rxd5+ Kxd5 29. Rxc7) 22... Ke7 23. Bxb7 (23. Qxf6+ $1 Kxf6 24.
Bg5+ Kg7 25. Bd8+ Kf8 26. Bxc7 Ne2+ 27. Nxe2 Bxe4 28. Bxe5 $16) 23... Bxc3 (
23... Qxb7 24. Bg5) 24. Nxd4 Qxb7 (24... exd4 25. Bg5) (24... Bxd4 25. Bxa8)
25. Rf1 (25. Ne2 Bd4 26. Bg5 $18) 25... Nd7 (25... Bxd4 26. Qxf6+ $16) 26.
Rxf7+ $1 $18 Kd8 (26... Kxf7 27. Qh7+ $18) 27. Nf3 Bd4 28. Rd1 Kc8 29. Nxd4
exd4 30. Bxd4 Qc6 31. Bf2 Ne5 32. Rg7 Rf8 33. Bg3 Nf7 34. Qf4 Qb7 35. Qb4 1-0

[Event "Oberliga Nord W 9697"]
[Site "Germany"]
[Date "1996.??.??"]
[Round "1.1"]
[White "Bangiev, Alexander J"]
[Black "Kopmann, Rene"]
[Result "1-0"]
[WhiteElo "2400"]
[BlackElo "2320"]
[Annotator "Bangiev,A"]
[PlyCount "49"]
[EventDate "1996.10.??"]
[EventType "team"]
[EventRounds "9"]
[EventCountry "GER"]
[SourceTitle "CBM 055"]
[Source "ChessBase"]
[SourceDate "1996.12.01"]
[SourceVersion "1"]
[SourceVersionDate "1996.12.01"]
[SourceQuality "1"]
[WhiteTeam "Isernhagen"]
[BlackTeam "Hannover Post"]
[WhiteTeamCountry "GER"]
[BlackTeamCountry "GER"]

1. e4 c5 2. Nc3 e6 3. Nf3 Nc6 4. d4 cxd4 5. Nxd4 Nf6 6. Ndb5 d6 7. Bf4 e5 8.
Bg5 a6 9. Na3 b5 10. Nd5 Be7 11. Bxf6 gxf6 $6 (11... Bxf6 $142) 12. Bd3 $14 Bb7
$6 (12... Rg8 $5 13. Qh5 Rxg2 14. Qxh7 Be6 15. Bf1 Rg6 16. Bh3 Qa5+ 17. Kf1
Bxh3+ 18. Qxh3 $14) 13. c3 {[%csl Yb4,Yd4] /\Na3-c2-e3} (13. Qg4 $5 {[%csl Rg7]
}) 13... Na5 $6 (13... Rg8 14. Qh5 Rxg2 15. Qxh7 $14) 14. Qg4 $16 {[%csl Rg7]}
Rc8 (14... Kf8 $142 15. Nc2 Rg8 16. Qh3 $16) 15. Qg7 {[%csl Yf6,Rh7,Rh8]} Rf8
16. Qxh7 Nc4 17. Bxc4 $5 (17. Nxc4 bxc4 18. Bc2 Bxd5 19. exd5 Qa5 $16) 17...
bxc4 18. Ne3 $1 {[%csl Yf5,Rc4]} (18. Rd1 $5) (18. O-O-O $5) 18... d5 $8 19.
exd5 Bxa3 20. bxa3 Qa5 21. O-O Bxd5 (21... Qxc3 22. Rab1 Ba8 (22... Rc7 23. Qf5
) 23. Qf5 $18) 22. Qh4 $1 $18 {[%csl Rf6]} (22. Qf5 $6 Ke7 23. Ng4 Rc6 $16)
22... Be6 (22... Ke7 23. Ng4 Qb6 24. Rfe1 e4 $8 (24... Rh8 25. Rxe5+) 25. Rad1
Rcd8 26. Ne3 Ba8 27. Nf5+ Ke8 28. Ng7+ Ke7 29. Rxe4+ Bxe4 30. Qxe4+ Qe6 31.
Qb7+ Rd7 32. Qb4+ $18) 23. Qxf6 Qxc3 24. Rad1 Qxa3 25. Nf5 1-0

[Event "Ciocaltea Memorial"]
[Site "Bucharest"]
[Date "1993.??.??"]
[Round "?"]
[White "Apicella, Manuel"]
[Black "Gagarin, Vasilij"]
[Result "1/2-1/2"]
[WhiteElo "2495"]
[BlackElo "2450"]
[Annotator "Belov,I"]
[PlyCount "127"]
[EventDate "1993.02.??"]
[EventType "tourn"]
[EventRounds "15"]
[EventCountry "ROU"]
[EventCategory "10"]
[SourceTitle "CBM 034"]
[Source "ChessBase"]
[SourceDate "1993.06.01"]
[SourceVersion "1"]
[SourceVersionDate "1993.06.01"]
[SourceQuality "1"]

1. e4 c5 2. Nf3 Nc6 3. d4 cxd4 4. Nxd4 Nf6 5. Nc3 e5 (5... e6 6. Be2 $5 Bb4 (
6... d6 $5) 7. O-O Bxc3 8. bxc3 Nxe4 9. Bd3 d5 $1 10. Nxc6 bxc6 11. Bxe4 dxe4
12. Qxd8+ Kxd8 13. Rd1+ Bd7 14. Rb1 Kc8 $132 {Apicella-Rogozenko/Bucharest/
1993/}) 6. Ndb5 d6 7. Nd5 Nxd5 8. exd5 Ne7 (8... Nb8 $5 9. c4 a6 10. Nc3 Be7
11. Be3 (11. Bd3 O-O 12. O-O f5 13. f3 Bg5 $132) 11... O-O 12. Qd2 f5 13. f3
Nd7 14. Bd3 (14. Be2 $5) 14... b6 15. O-O g5 16. b4 e4 17. fxe4 f4 18. Bd4 Bf6
$132 {Kuznetsov-Golodaev/SSSR/1991/}) 9. c3 Nf5 $8 (9... Ng6 $6 10. Qa4 Bd7 11.
Qc4 Rc8 12. Qb4 $16) 10. a4 Be7 11. Bd3 O-O 12. O-O Nh4 13. f4 a6 14. Na3 exf4
(14... f5 15. Nc4 Ng6 16. g3 exf4 17. gxf4 Bd7 18. a5 Bb5 19. Nb6 Bxd3 20. Qxd3
Rb8 21. Bd2 Qc7 22. b4 Rbe8 23. Rae1 Rf7 24. c4 $14 {Kuznetsov-Pronitsin/
Russia/1992/}) 15. Bxf4 Ng6 16. Bxg6 hxg6 17. Nc4 Qc7 $1 $146 (17... Bf5 18.
Re1 Rc8 19. Qb3 Bd3 20. Nb6 Rc7 21. Rad1 Bf5 {Matulovic,M-Nikcevic/Jugoslavija/
1992/} 22. Qb4 $1 $16 {Matulovic,M}) 18. Qb3 Qc5+ 19. Kh1 (19. Rf2 g5 $5 20.
Nb6 (20. Bg3 f5 $1) 20... gxf4 21. Nxa8 Bh4 $36) 19... Qxd5 20. Rad1 Qc6 21.
Nxd6 (21. Bxd6 Be6 $1 22. Bxe7 Bxc4 23. Qc2 Bxf1 24. Bxf8 Bxg2+ 25. Qxg2 Qxa4
$1 $17) 21... Bh3 22. Rd2 (22. Rf2 Bxd6 23. Rxd6 Rae8 $1 $36) 22... Bxd6 23.
Bxd6 Be6 $6 (23... Bxg2+ 24. Rxg2 Qxd6 25. Qxb7 Rae8 {/\ Re7, Rfe8|^}) 24. Qd1
Rfd8 25. Rd4 (25. Be5 Rxd2 26. Qxd2 Qxa4) 25... Rd7 26. Be5 Rad8 27. Rxd7 Rxd7
28. Bd4 Rd5 29. b4 Rg5 30. Rf2 (30. Qd2 $4 Rxg2 $19) 30... Bd5 31. Qd2 (31. Qc2
Be4 32. Qd2 Qxa4) 31... Qxa4 $1 32. Qxg5 $1 $8 Qd1+ 33. Rf1 Qxf1+ 34. Bg1 Qc4
35. Bd4 Qf1+ 36. Bg1 Qd1 37. Qd8+ Kh7 38. Qh4+ Qh5 39. Bf2 f6 40. Kg1 (40.
Qxh5+ gxh5 41. Kg1 Kg6 42. Bd4 Kf5 43. Kf2 Ke4 44. Ke2 h4 {/\ 45...Bc4+ 46.Kd2
Bf1 47.g3 h3; /\ Kf3,g2-+}) 40... Qxh4 (40... Kg8 41. Qxh5 gxh5) 41. Bxh4 g5 $6
(41... b6 $5 42. Bf2 (42. Bg3 $5 a5 43. bxa5 bxa5 44. Kf2 a4 45. Bd6) 42... a5
43. Bxb6 a4 44. Be3 a3 45. Bc1 a2 46. Bb2 Bc4 47. Kf2 g5 48. Ke3 f5 49. Kd4 Bf1
50. g3 f4 51. Ke4 Bg2+ $19) 42. Bf2 g4 43. g3 Kg6 44. Bc5 Kf5 45. Bf8 g6 46.
Be7 Ke6 47. Bc5 Bb3 48. Kf2 Kd5 49. Be7 f5 50. Ke3 Kc4 51. Kd2 b6 52. Bd8 Kb5
53. Kd3 a5 54. bxa5 bxa5 55. Kd4 a4 56. Be7 Bc4 57. Ba3 Bf1 58. Be7 $10 g5 59.
c4+ Bxc4 60. Bxg5 Kb4 61. Bf6 Kb3 62. Ke3 Kc2 63. Be7 Kc3 64. Bf6+ 1/2-1/2

[Event "Rilton Cup 34th"]
[Site "Stockholm"]
[Date "2004.12.31"]
[Round "5"]
[White "Hedman, Erik"]
[Black "Berg, Emanuel"]
[Result "1/2-1/2"]
[WhiteElo "2320"]
[BlackElo "2529"]
[Annotator "Berg,E"]
[PlyCount "68"]
[EventDate "2004.12.27"]
[EventType "swiss"]
[EventRounds "9"]
[EventCountry "SWE"]
[SourceTitle "CBM 104 Extra"]
[Source "ChessBase"]
[SourceDate "2005.03.01"]
[SourceVersion "1"]
[SourceVersionDate "2005.03.01"]
[SourceQuality "1"]

1. e4 c5 2. Nf3 Nc6 3. d4 cxd4 4. Nxd4 Nf6 5. Nc3 e5 6. Ndb5 d6 7. Nd5 {
White chooses an unusual variation.} ({The main variation goes} 7. Bg5) 7...
Nxd5 8. exd5 Nb8 (8... Ne7 {is also playable, but the move played is supposed
to be a bit better.} {After} 9. c3 {with the threat of Qa4 black faces some
practical problems and is forced to move his knight once again.}) 9. a4 {
White stops black to carry through ...a7-a6 followed by b7-b5 and now he plans
to manoevre his knight to c4 to put some pressure on the black center.} ({
However} 9. c4 {is the more usual continuation.}) 9... Be7 10. Be2 O-O 11. O-O
Nd7 12. Kh1 {Prepares f2-f4. After the immediate} (12. f4 {black can answer
with} a6 13. Na3 b5 $1 {with the idea} 14. axb5 axb5 15. Bxb5 $4 Qb6+ 16. Kh1
Rxa3 {with a clear advantage to black.}) 12... a6 13. Na3 f5 14. f4 Bf6 15. Nc4
Nb6 16. fxe5 dxe5 17. Ne3 $1 {An exchange of the knights would favor black and
so white chooses to go away. This also prepares for c2-c4 and possibly a
timely a5.} Bg5 $1 {Black protects his f-pawn and in the same time threatens
to take on e3, winning a pawn.} ({The immediate} 17... f4 {is worse and can be
met with} 18. a5 $1) 18. c4 (18. a5 $2 {loses a pawn after} Bxe3 19. Bxe3 Nxd5
{with a clear advantage to black.}) ({but instead the untried} 18. d6 $5 {
would have been a very interesting possibility.}) 18... a5 $5 $146 {A novelty!
The idea is to stop white from playing a5 and also to get control over the
black squares. Now ...Be7 is threatened followed by ...Bc5 to block the white
queenside pawns.} ({Also possible was} 18... f4 19. a5 Nd7 20. Nc2 e4 {as in
the game Zelcic - Sutovsky, Struga zt 1995, with a good game for black.}) 19.
d6 Be6 20. c5 f4 $1 {A strong and very important move. White has an advantage
after both} (20... Nd7 21. Nd5 {and}) (20... Bxe3 21. Bxe3 Nd5 22. Qb3 $1) 21.
Nc4 $5 ({After} 21. cxb6 fxe3 {white has got problems to get out with his
black squared bishop and in addition both his d- and b-pawns are hanging
loosely.}) 21... Nd7 {Now ...Rc8 is to come, winning the xc5.} ({Black also
wins a pawn after} 21... Nxc4 22. Qb3 Nxd6 23. Qxe6+ Nf7 {but here white has a
strong pair of bishops in comensation.} {After} 24. b3 {it is difficult to
find anything convincing for black. Perhaps would this still give better
winning chances than the game.}) 22. b4 $6 {White was probably feeling a bit
squeezed and wanted to get his pieces out. An interesting move, but not really
nessesary.} ({The natural} 22. Bd2 {looks better. After} Nxc5 23. Bc3 {white
will get back the pawn on e5 because 23...e4?? looses a piece after 24.Qd4
threatening both the mate on g7 and the knight on c5.}) ({Even} 22. b3 {
was possible, but after} Nxc5 23. Bb2 {black can still keep the pawn with} Bf6
{because the b3 pawn will be hanging after all exchanges on e5. However the
active white pieces and the strong passed d-pawn fully compensates for the
pawn loss.}) 22... axb4 23. Rb1 Rc8 ({An interesting alternative was} 23... e4
24. Qd4 Rxa4 {also with a clear plus to black. Nevertheless I wanted to play a
little bit more calm, not allowing any counterplay for white as I was already
getting some time trouble.}) 24. Rxb4 Rxc5 25. Nd2 Rd5 {Now I wanted to get
rid of the nasty d-pawn. Unfortunately you get nothing for free and in return
I needed to give my important pawn on b7.} 26. Qc2 Rxd6 27. Rxb7 Be7 28. Bb2 (
28. Ba3 $2 {is bad because of} Rxd2 29. Qxd2 Bxa3 30. Rd1 Rf7 31. Bb5 f3 $1 32.
Bxd7 f2 33. Qxf2 ({In case of} 33. Bxe6 $2 Qxd2 34. Bxf7+ Kf8 35. Rbb1 Qe2 36.
Bd5 e4 {the black passed pawn will lead him to victory.}) 33... Qxd7 $1 34.
Rdxd7 Rxf2 35. Rxg7+ Kf8 36. Kg1 ({After} 36. h4 {there will follow} Bc8 $1 37.
Ra7 Bc5 38. Rac7 Rf1+ 39. Kh2 Bd6 40. Ra7 e4+ 41. g3 Bc5 42. Rac7 Rf2+ 43. Kh1
Bb6 44. Rce7 e3 {and black is winning.}) 36... Bc5 37. Rgc7 Rf7+ 38. Rxc5 Rxb7
39. Rxe5 Ke7 {Black has got excellent winning chances.}) 28... Rb6 $2 {This
natural move throws away the most of the black advantage. White is controlling
the e4-square which makes it difficult for black to advance with his central
pawns.Moreover the white passed a-pawn is an important powerful factor.Instead}
(28... Qa8 $1 {should have been played.} {After} 29. Bf3 Rc8 {black still
holds a clear advantage.}) 29. Rxb6 Qxb6 30. Bd3 $1 {White activates his
bishop with tempo. This also prevents ...Bf5 and black is forced to weaken his
king position.} h6 31. Nc4 Qc7 $2 {A careless move in the time trouble. Instead
} (31... Qb8 {should be played, but after} 32. Qe2 {white is completely fine
as well.}) 32. Nxe5 $6 {White wins back the pawn and forces a drawn endgame,
but after} (32. Bh7+ $1 Kh8 {and now} 33. Nxe5 Qxc2 34. Bxc2 Nxe5 35. Bxe5 {
black will be facing some difficulties. Still a draw would be the most natural
result, but it´s not yet completely clear. White has still got some winning
chances thanks of his passed a-pawn.}) 32... Qxc2 33. Bxc2 Rc8 34. Bd3 Nc5
1/2-1/2